000
00465nam a2200169Ia 4500
008
110201s9999 xx 000 0 und d
082
_b
B1362
_a
K 1182
100
_a
आचार्य नयना
245
_a
उधान
260
_b
परिमल प्रकाशन
365
_b
30
600
_a
आचार्य नयना
630
_a
उधान
700
_a
आचार्य नयना
730
_a
उधान
942
_c
BOOK
999
_c
828630
_d
828627